| 000 | 00730nam a22002057a 4500 | ||
|---|---|---|---|
| 005 | 20251108173028.0 | ||
| 008 | 250721s2005 xx 000 0 ara d | ||
| 020 | _a9957421034 | ||
| 082 | 1 | 4 | _a808.39282/رجب |
| 100 | 1 | _aالرجبي، محمود أبو فروة | |
| 245 | 1 | 0 | _aكيف نكتب قصة للأطفال ؟ ست و ثلاثون خطوة في الطريق نحو الإحتراف إجابات على مائة مشكلة من مشكلات كتابة القصة / |
| 264 | 1 |
_aعمان : _bالمؤلف، _c2005. |
|
| 300 | _a155 ص. | ||
| 650 | 1 | 7 | _aالكتابة |
| 650 | 1 | 7 | _aالقصص العربية |
| 650 | 1 | 7 | _aأدب الأطفال |
| 650 | 1 | 7 | _aالأطفال |
| 942 |
_2ddc _cBK |
||
| 999 |
_c94403 _d94403 |
||